1 à 50 en 20 secondes - Statistiques

Statistiques générales
  • Ce quiz a été pris 357 fois
  • Le résultat moyen est 34 sur 50
Statistiques - réponses
1-50 % Correct
1
100%
2
98%
3
98%
5
98%
7
98%
6
97%
8
97%
9
97%
10
96%
4
96%
12
93%
13
93%
14
92%
11
91%
15
91%
16
91%
17
91%
18
89%
19
86%
21
83%
20
82%
22
81%
23
80%
24
80%
25
78%
26
76%
27
75%
28
72%
29
71%
30
70%
32
67%
31
65%
33
59%
34
59%
35
54%
36
51%
37
49%
38
49%
39
44%
40
40%
41
36%
42
34%
43
30%
45
24%
44
22%
46
20%
47
16%
48
14%
49
14%
50
12%
Aucun quiz correspondant
Distribution des résultats
% des personnes avec chaque résultat
Percentile par nombre de réponses
Votre historique - résultats
Vous n’avez pas pris ce quiz